[Event "Asian-ch Seniors 50"]
[Site "Chess.com INT"]
[Date "2020.07.21"]
[Round "7.7"]
[White "Md Mohsin, Jamal"]
[Black "Duneas, John"]
[Result "0-1"]
[WhiteElo "1775"]
[BlackElo "2006"]
[PlyCount "46"]
[EventDate "2020.07.21"]
[EventType "swiss"]
[EventRounds "9"]
[EventCountry "UAE"]
[SourceTitle "EXT 2024"]
[Source "ChessBase"]
[SourceDate "2023.10.10"]
[SourceVersion "1"]
[SourceVersionDate "2023.10.10"]
[SourceQuality "1"]

1. e4 e6 2. d3 c5 3. Nd2 Nc6 4. g3 g6 5. Bg2 Bg7 6. Ne2 Nge7 7. 0-0 0-0 8. f4 b6 9. Nc4 d5 10. exd5 exd5 11. Ne3 Re8 12. Kh1 Qc7 13. Nxd5 Nxd5 14. Bxd5 Bb7 15. Bg2 Rad8 16. c3 Ba6 17. Qa4 Bxd3 18. Bxc6 b5 19. Bxb5 Rxe2 20. Bc6 Re6 21. Bg2 Bxf1 22. Bxf1 Re1 23. Kg2 Rdd1 0-1

[Event "Asian-ch Seniors 50"]
[Site "Chess.com INT"]
[Date "2020.07.21"]
[Round "8.7"]
[White "Md Mohsin, Jamal"]
[Black "Mohammed Ali, Madial Kinani"]
[Result "0-1"]
[WhiteElo "1775"]
[BlackElo "2094"]
[PlyCount "70"]
[EventDate "2020.07.21"]
[EventType "swiss"]
[EventRounds "9"]
[EventCountry "UAE"]
[SourceTitle "EXT 2024"]
[Source "ChessBase"]
[SourceDate "2023.10.10"]
[SourceVersion "1"]
[SourceVersionDate "2023.10.10"]
[SourceQuality "1"]

1. e4 c6 2. d4 d5 3. exd5 cxd5 4. Nf3 Nf6 5. Be2 Bf5 6. 0-0 e6 7. c3 Bd6 8. Re1 h6 9. h3 0-0 10. Nbd2 Nbd7 11. c4 dxc4 12. Nxc4 Bc7 13. Be3 Rc8 14. Rc1 Bb8 15. Qb3 b6 16. Red1 Nd5 17. Nce5 Nxe5 18. dxe5 Qe7 19. Ba6 Rxc1 20. Rxc1 Rd8 21. Nd4 Nxe3 22. Qxe3 Qg5 23. f4 Qg6 24. Nc6 Re8 25. Kf2 Be4 26. g3 Bxc6 27. Rxc6 Qb1 28. Qc3 Qxa2 29. Bd3 Qd5 30. Rc8 Qd7 31. Rxe8+ Qxe8 32. Bc2 Qd8 33. Qc6 g6 34. Ke2 Kg7 35. g4 a5 0-1

[Event "Asian-ch Seniors 50 zt 3.2"]
[Site "Chess.com INT"]
[Date "2020.07.17"]
[Round "5.3"]
[White "Md, Asadujjaman"]
[Black "Md Mohsin, Jamal"]
[Result "1/2-1/2"]
[WhiteElo "1872"]
[BlackElo "1775"]
[PlyCount "133"]
[EventDate "2020.07.17"]
[EventType "swiss (blitz)"]
[EventRounds "7"]
[EventCountry "BAN"]
[SourceTitle "EXT 2024"]
[Source "ChessBase"]
[SourceDate "2023.10.10"]
[SourceVersion "1"]
[SourceVersionDate "2023.10.10"]
[SourceQuality "1"]

1. e4 d6 2. d4 Nf6 3. Nc3 c6 4. h3 Nbd7 5. f4 e5 6. Nge2 Be7 7. g3 exd4 8. Nxd4 Nb6 9. Bg2 c5 10. Nf3 0-0 11. 0-0 Bd7 12. Qe2 Bc6 13. Re1 Re8 14. e5 dxe5 15. Nxe5 Bxg2 16. Qxg2 Qc8 17. Nd3 Bf8 18. Be3 c4 19. Ne5 Bc5 20. Qf2 Bxe3 21. Qxe3 Qxh3 22. Qf3 Nh5 23. Ne4 f5 24. Nf2 Qxg3+ 25. Qxg3 Nxg3 26. Kg2 Nh5 27. Kf3 Nf6 28. c3 Rad8 29. Rad1 g6 30. b3 cxb3 31. axb3 Nbd5 32. c4 Nc3 33. Ra1 a6 34. c5 Nce4 35. c6 bxc6 36. Rxa6 Nd2+ 37. Kg2 Nxb3 38. Rxc6 Nh5 39. Kf3 Nd4+ 40. Kg2 Nxc6 41. Nxc6 Rxe1 42. Nxd8 Nxf4+ 43. Kf3 Nh5 44. Nc6 Nf6 45. Nd3 Ra1 46. Kf4 Ra4+ 47. Ke5 Ng4+ 48. Ke6 Ra6 49. Ndb4 Ra1 50. Nd5 Re1+ 51. Kd6 Rd1 52. Ke6 h5 53. Nce7+ Kg7 54. Nf4 Re1+ 55. Kd6 Rxe7 56. Kxe7 h4 57. Ke6 Kh6 58. Nh3 Kh5 59. Nf4+ Kg5 60. Nh3+ Kh6 61. Kd5 g5 62. Kd4 Nf6 63. Ke5 Nh5 64. Kxf5 Ng7+ 65. Kg4 Ne6 66. Nxg5 Nxg5 67. Kxh4 1/2-1/2

[Event "Asian-ch Seniors 50 zt 3.2"]
[Site "Chess.com INT"]
[Date "2020.07.17"]
[Round "4.4"]
[White "Md Mohsin, Jamal"]
[Black "Gainju, Shiva Bhakta"]
[Result "1-0"]
[WhiteElo "1775"]
[BlackElo "1835"]
[PlyCount "43"]
[EventDate "2020.07.17"]
[EventType "swiss (blitz)"]
[EventRounds "7"]
[EventCountry "BAN"]
[SourceTitle "EXT 2024"]
[Source "ChessBase"]
[SourceDate "2023.10.10"]
[SourceVersion "1"]
[SourceVersionDate "2023.10.10"]
[SourceQuality "1"]

1. e4 c5 2. Nc3 Nc6 3. d3 e5 4. g3 d6 5. Bg2 Be7 6. Be3 Nf6 7. h3 Be6 8. Nf3 h6 9. 0-0 0-0 10. a3 Qd7 11. Kh2 Nh7 12. Ng1 Ng5 13. f4 exf4 14. gxf4 Nxh3 15. Bxh3 Bxh3 16. Nxh3 f5 17. Qh5 Rf6 18. Nd5 Rf7 19. Rg1 Kf8 20. Rg2 Re8 21. Rag1 Bd8 22. Qxh6 1-0